000 00622nam a2200181 a 4500
001 000035631
005 20200930074504.0
008 111107d1974 sp 000 0 spa d
020 _a8420615366
040 _aDO-SdBNP
_bspa
_cBNPHU
082 _axxxx
_bxxxx
245 0 0 _aNarrativa rumana contemporánea /
_cprólogo, selección, notas y traducción de Darie Nováceanu.
260 _aMadrid,España :
_bAlianza Editorial,
_c1974.
300 _a270 p. ;
_c19 cm.
490 1 _aEl libro de bolsillo
_aLiteratura ;
_v536
700 1 _aNováceanu, Darie
_epról.
_961546
830 0 _aEl libro de bolsillo
_pLiteratura
_v536
_98060
999 _c35122
_d35122